Ratanlal and Dhirajlal's the law of torts (Record no. 70901)

MARC details
000 -LEADER
fixed length control field 00398nam a2200157Ia 4500
008 - FIXED-LENGTH DATA ELEMENTS--GENERAL INFORMATION
fixed length control field 230917s9999||||xx |||||||||||||| ||und||
040 ## - CATALOGING SOURCE
-- 138725
Original cataloging agency VIVEKANANDA LIBRARY
041 ## - Language
-- English
082 ## - DDC NUMBER
Classification number 346.03 R186R
100 ## - MAIN ENTRY--PERSONAL NAME
Personal name Runchhoddas, Ratanlal
245 #0 - TITLE STATEMENT
Title Ratanlal and Dhirajlal's the law of torts
250 ## - EDITION STATEMENT
Edition statement 22nd ed.
260 ## - PUBLICATION, DISTRIBUTION, ETC. (IMPRINT)
Place of publication, distribution, etc Agra
Name of publisher, distributor, etc Wadhwa
Date of publication, distribution, etc 1992
300 ## - PHYSICAL DESCRIPTION
Pages lxxxvii, 784p p.
942 ## - ADDED ENTRY ELEMENTS (KOHA)
Koha item type Books
Holdings
Withdrawn status Lost status Damaged status Not for loan Location (home branch) Sublocation or collection (holding branch) Date acquired Koha issues (times borrowed) Koha full call number Accession No. Koha date last seen Koha item type
        VIVEKANANDA LIBRARY VIVEKANANDA LIBRARY 17/02/2010 1 346.03 R186R 144435 21/10/2024 Books
© Designed and Maintained by Vivekananda Library, MDU Rohtak